| 000 | 01388nam a2200229Ia 4500 | ||
|---|---|---|---|
| 003 | Ost | ||
| 005 | 20260507075518.0 | ||
| 008 | 260507s9999||||xx |||||||||||||| ||und|| | ||
| 020 | _a9789957331436 | ||
| 040 | _cfsecg | ||
| 041 | _aara | ||
| 082 | _a1.6 | ||
| 100 |
_aالشهربلي، إنعام علي توفيق _eمؤلف |
||
| 245 | 0 |
_aتقويم نظم المعلومات باستخدام بحوث العمليات / _c إنعام علي توفيق الشهربلي |
|
| 260 |
_aعمان: _b, _c2009 |
||
| 300 |
_a499 صفحة؛ _bإيضاحات ؛ _c25 سم |
||
| 504 | _aببليوغرافيا:ص ص.446-466 | ||
| 520 | _aالنظم،بحوث العمليات،تقويم نظم المعلومات باستخدام بحوث العمليات،نظام المعلومات وحدة الحاسبة،نظام المعلومات وحدة الوسائل السمعية والبصرية،اجراءات نظام المعلومات وحدة تنمية المعلومات،وحدة معلومات المعالجة الفنية،نظام معلومات وحدة المعلومات والتوثيق ،نظام معلومات وحدة الإعارة،نظام معلومات وحدة الدوريات،نظام معلومات وحدة المراجع | ||
| 653 | _aبحوث العمليات | ||
| 653 | _aنظم المعلومات- المؤسسة الممتدة | ||
| 942 | _cكتاب | ||
| 999 |
_c44764 _d44764 |
||